| 000 | 01108cam a22002771i 4500 | ||
|---|---|---|---|
| 003 | SA-RiAUC | ||
| 005 | 20250715085154.0 | ||
| 008 | 250715s2011 su g 000 0cara c | ||
| 040 |
_aJO-AmWISE _bara _cSA-RiAUC _erda |
||
| 043 | _aa-su--- | ||
| 082 | 0 | 4 |
_a922.113 _qSA-RiAUC |
| 090 |
_a922.113 _bغ ل ا |
||
| 100 | 1 |
_aالعلاف، عبد الله بن أحمد، _d1383 هجري- _eمؤلف. |
|
| 245 | 1 | 0 |
_aأئمة الحرمين 1343-1432 هـ. / _cعبد الله بن أحمد آل علاف الغامدي. |
| 250 | _aالطبعة الأولى. | ||
| 264 | 1 |
_aالطائف، السعودية : _bدار الطرفين، _c2011. |
|
| 300 |
_a130 صفحة ؛ _c24 سم |
||
| 336 |
_aنص _btxt _2rdacontent _3كتاب |
||
| 337 |
_aبدون وسيط _bn _2rdamedia |
||
| 338 |
_aمجلد _bnc _2rdacarrier |
||
| 610 | 2 | 7 |
_aالمسجد الحرام _vتراجم _2aucnm |
| 610 | 2 | 7 |
_aالمسجد النبوي الشريف _vتراجم _2aucnm |
| 650 | 7 |
_aالعلماء المسلمون _zالسعودية _vتراجم _2aucsh |
|
| 942 |
_2ddc _cBOOK _n0 |
||
| 949 |
_aSA-JeALM _d250715 _umohamedma123 _n1 |
||
| 999 |
_c9950 _d9950 |
||